000 00631nam a22002057a 4500
003 OSt
005 20250818035814.0
008 250818b |||||||| |||| 00| 0 eng d
020 _a978-971-0445-41-7.
040 _aDWL-Main Lib.
_cOC
082 _aFil.
100 _aESPINA, LETICIA D.
245 _aLiteratura ng iba't-ibang rehiyon ng Pilipinas/
_cESPINA, LETICIA D.
260 _aManila :
_bMindshapers Co., Inc.,
_cc2009.
300 _ax, 317 p. ;
_c25 cm.
504 _aIncludes bibliographical references.
650 _aPhil literature-Collections.
650 _aPhil literature.
942 _2ddc
_cBK - FIL
_hFil.
_n0
999 _c3998
_d3998